000 00535 a2200217 4500
005 20260401120617.0
008 260324b |||||||| |||| 00| 0 eng d
020 _a9789371261548
_cRs. 995.00
040 _aMAIN
082 _a346.015
_bR27F
100 _aRelan, Manju Arora
245 _aFamily law–I
260 _bTaxmann Publications
_c2025
_aNew Delhi
300 _av.
650 _aFamily Law
650 _aDomestic Relations
650 _aMarriage Law
650 _aDivorce Law
650 _aHindu Law
942 _cBK
999 _c396353
_d396353